banner-ar

اباضية جبل نفوسة فى القرنين الثانى والثالث الهجريين : (Record no. 64259)

MARC details
000 -الفاتح
حقل البيانات ثابتة الطول 01139nam a22002657a 4500
005 - وقت وتاريخ اخر تعامل مع التسجيلة
رقم الضبط 20240530110722.0
008 - عناصر البيانات ثابتة الطول - معلومات عامة
حقل البيانات ثابتة الطول 180402s2017 ua abh g b 000 0 ara d
017 ## - رقم الايداع القانونى
رقم الايداع القانونى 2015/15924
المصدر ( الهيئة المختصة) مصر. دار الكتب
020 ## - الرقم الدولى المعيارى للكتب
الرقم الدولى المعيارى للكتاب 9789774952258
040 ## - مصدر الفهرسة
وكالة الفهرسة الأصلية EG-CaGPL
وكالة النسخ EG-CaGPL
082 04 - رقم تصنيف ديوى العشرى
رقم الطبعة 21
رقم التصنيف 953.0721 /
رقم المادة ع إ
100 0# - المدخل الرئيسى - إسم شخصى
الإسم الشخصى عوض الشرقاوى
245 10 - بيان العنوان
العنوان اباضية جبل نفوسة فى القرنين الثانى والثالث الهجريين :
بقية العنوان دراسة تاريخية /
بيان المسئوليه,etc تاليف عوض الشرقاوى
250 ## - بيان الطبعة
بيان الطبعة ط.1
260 ## - PUBLICATION, DISTRIBUTION, ETC. (IMPRINT)
تاريخ النشر أو التوزيع 2017.
300 ## - الوصف المادى
التعداد 246 ص. :
تفاصيل ماديه اخرى للوعاء ايض ؛
أبعاد الوعاء 24 سم.
490 0# - بيان السلسلة
عنوان السلسلة صفحات جديدة من التاريخ الاسلامى.
504 ## - تبصرة ببليوجرافية
تبصرة ببليوجرافية,الخ يشتمل على ارجاعات ببليوجرافية
650 07 - المدخل الاضافى بالموضوع-مصطلح موضوعى
مصدر الرأس أو المصطلح qrmak
مصطلح موضوعي الاباضية
650 07 - المدخل الاضافى بالموضوع-مصطلح موضوعى
مصدر الرأس أو المصطلح qrmak
مصطلح موضوعي جبل نفوسة
التقسيم الفرعي الجغرافي المغرب
651 07 - المدخل الاضافى بالموضوع - اسم جغرافى
مصدر الرأس أو المصطلح qrmak
الاسم الجغرافي المغرب
التقسيم الفرعي العام تاريخ
التقسيم الفرعي الزمني العصر الاسلامى 647 - 1912م
651 07 - المدخل الاضافى بالموضوع - اسم جغرافى
مصدر الرأس أو المصطلح qrmak
الاسم الجغرافي المغرب
التقسيم الفرعي العام الاحوال السياسية
942 ## - عناصر المدخل الإضافي( كوها)
مصدر التصنيف او مخطط الترفيف Dewey Decimal Classification
Koha [default] item type كتاب
260 ## - PUBLICATION, DISTRIBUTION, ETC. (IMPRINT)
-- القاهرة :
-- دار العالم العربى ،
Holdings
حالة التراجع حالة الفقد حالة تلف ليس للاعارة المكان المؤقت الموقع الحالى موقع الترفيف تاريخ الاكتساب اجمالي اﻻعارات رقم الطلب الباركود تاريخ اخر مشاهدة تاريخ تفعيل السعر نوع وعاء كوها
        مكتبة القاهرة الكبرى مكتبة القاهرة الكبرى القاعة الرئيسية 04/02/2018   953.0721 / ع إ 164417 04/02/2018 04/02/2018 كتاب

Powered By

EGPV